| 000 | 00899nam a2200241Ia 4500 | ||
|---|---|---|---|
| 001 | 12497 | ||
| 003 | GE_BSU | ||
| 008 | 181216s||||||||xx |||||||||||||| ||und|| | ||
| 040 | _cGE_BSU | ||
| 080 | _a619.615.913 | ||
| 100 | _aВильнер,А.М. | ||
| 245 | _aКормовые отравления сельско-хозяйственных животных | ||
| 245 | _cРед.Э.Э.Магон | ||
| 250 | _a4-ое дополн.и перераб. | ||
| 260 | _aЛенинград | ||
| 260 | _bКолос | ||
| 260 | _c1966 | ||
| 300 | _a447стр.22см. | ||
| 300 | _cАльфавитный указатель латинских названии стр.444 | ||
| 300 | _eПредметный указатель латинских названии стр.442 | ||
| 653 | _aКормовые отравления сельско-хозяйственных животных | ||
| 942 | _cBK | ||
| 999 |
_c45671 _d45671 |
||